Výpočtová technika v analýzach poľnohospodársko-potravinárskeho komplexu

Salvato in:
Dettagli Bibliografici
Autore principale: Cvečko, J.
Natura: Libro
Lingua:slovacco
Pubblicazione: Bratislava Príroda 1983
Serie:Ekonomika poľnohospodárstva
Tags: Aggiungi Tag
Nessun Tag, puoi essere il primo ad aggiungerne!!

MARC

LEADER 00000nam a2200000 4500
001 c115967
005 20041019155203.2
041 0 |a slo 
044 |a SK 
245 1 0 |a Výpočtová technika v analýzach poľnohospodársko-potravinárskeho komplexu  |c J. Cvečko a kol. 
264 1 |a Bratislava  |b Príroda  |c 1983 
300 |a 175 s. 
490 1 |a Ekonomika poľnohospodárstva 
830 0 |a Ekonomika poľnohospodárstva 
100 1 |a Cvečko, J.